Ciekawostki o miastach Europejskich. - Statystyki

Ogólne statystyki
  • Ten quiz został rozwiązany 71 razy
  • Średni wynik to 8 z 15
Statystyki odpowiedzi
Ciekawostka Miasto % Poprawnych
To miasto zostało nagrodzone w 2014 r. tytułem Zielonej Stolicy Europy, posiada elektryczne autobusy i sklepy sprzedające szafy wykonane z naturalnego bambusa. Ponad 60% pokoi hotelowych w tym mieście zostało uznanych za przyjazne dla środowiska. Kopenhaga
74%
Słynny klub sportowy z tego miasta powstał w 1902 r. i jest najbardziej utytułowanym klubem piłkarskim świata w XX wieku. Madryt
74%
Przeciętny dom w tym mieście znajduję się na 5-10 słupach podporowych. Amsterdam
69%
W tym mieście jest 181 miejsc, w których można dostać espresso za €1. Paryż
69%
Miasto to leży na 118 wyspach. Wenecja
67%
Aż 200 000 mieszkańców tego miasta to studenci. Warszawa
56%
Rocznie to miasto odwiedza ok. 10 milionów turystów. Mediolan
54%
W 965 roku to miasto było centrum handlowym słowiańskiej Europy. Kraków
51%
Istnieją 2 historie na temat stworzenia pewnego europejskiego miasta. Jedna z wersji mówi, że miasto zostało założone przez Herkulesa, 400 lat przed rozbudowaniem Rzymu. Barcelona
49%
W tym mieście znajduję się jeden z najdłuższych mostów w Europie (12 km). Lizbona
44%
W tym mieście w 1755 roku powstała najstarsza (i wciąż działająca) manufaktura produkująca zegarki Vacheron Constantin. Genewa
41%
Miasto to posiada najwięcej mostów na świecie. Hamburg
33%
Miasto to zostało założone około 600 r. p.n.e przez Greków z Fokai, którzy nadali temu miastu nazwę Massalia. Marsylia
31%
W tym mieście znajduję się Centrum Obrony Cyberprzestrzeni NATO. Tallin
28%
Port w tym mieście powstał ponad 2700 lat temu. Palermo
26%
Nie znaleziono quizów pasujących do podanych kryteriów
Rozkład punktacji
Procent ludzi z każdym wynikiem
Percentyl według liczby udzielonych odpowiedzi
Twoja historia wyników
Nie rozwiązałeś tego quizu